[Event "FIN-ch"]
[Site "Helsinki"]
[Date "1997.??.??"]
[Round "4"]
[White "Keskisarja, Teemu"]
[Black "Laine, Heikki"]
[Result "1/2-1/2"]
[WhiteElo "2315"]
[BlackElo "2230"]
[PlyCount "104"]
[EventDate "1997.??.??"]
[EventType "swiss"]
[EventRounds "9"]
[EventCountry "FIN"]
[SourceTitle "EXT 1998"]
[Source "ChessBase"]
[SourceDate "1997.11.17"]
[SourceVersion "1"]
[SourceVersionDate "1997.11.17"]
[SourceQuality "1"]

1. e4 c6 2. d4 d5 3. e5 Bf5 4. Nf3 e6 5. Be2 c5 6. Be3 Qb6 7. Nbd2 Nc6 8. dxc5 Bxc5 9. Bxc5 Qxc5 10. c4 Rd8 11. cxd5 Qxd5 12. Nc4 Qxd1+ 13. Rxd1 Rxd1+ 14. Kxd1 Ke7 15. Kd2 Nh6 16. Rc1 Ng4 17. Ke1 f6 18. h3 Nh6 19. Nd6 fxe5 20. Nxb7 Rb8 21. Rxc6 Rxb7 22. b3 Be4 23. Ra6 Nf7 24. Kd2 Bd5 25. g3 Rc7 26. b4 Rd7 27. Ke1 Rc7 28. Kd2 Rd7 29. Ke1 Rc7 30. b5 Kf6 31. Kd2 e4 32. Nd4 Ke5 33. Nc6+ Bxc6 34. Rxc6 Rxc6 35. bxc6 Kd6 36. Bb5 Kc7 37. Ke3 Nd6 38. Ba4 e5 39. Bc2 Kxc6 40. Bxe4+ Nxe4 41. Kxe4 Kd6 42. g4 Ke6 43. h4 g6 44. f4 exf4 45. Kxf4 h6 46. Ke4 Kf6 47. Kd5 h5 48. gxh5 gxh5 49. Ke4 Ke6 50. Kf4 Kf6 51. Ke4 Ke6 52. Kf4 Kf6 1/2-1/2

[Event "Jyvaskyla We JyS op"]
[Site "Jyvaskyla"]
[Date "1997.??.??"]
[Round "2"]
[White "Kiltti, Jyrki"]
[Black "Laine, Heikki"]
[Result "1/2-1/2"]
[WhiteElo "2225"]
[BlackElo "2230"]
[PlyCount "22"]
[EventDate "1997.??.??"]
[EventType "swiss"]
[EventRounds "5"]
[EventCountry "FIN"]
[SourceTitle "EXT 1999"]
[Source "ChessBase"]
[SourceDate "1998.11.16"]
[SourceVersion "1"]
[SourceVersionDate "1998.11.16"]
[SourceQuality "1"]

1. e4 d6 2. d4 Nf6 3. Nc3 g6 4. g3 Bg7 5. Bg2 0-0 6. Nge2 Nbd7 7. 0-0 c6 8. h3 e5 9. Be3 Qc7 10. Qd2 Re8 11. Rad1 a6 1/2-1/2

[Event "Jyvaskyla We JyS op"]
[Site "Jyvaskyla"]
[Date "1997.??.??"]
[Round "1"]
[White "Laine, Heikki"]
[Black "Pessi, Juha"]
[Result "1-0"]
[WhiteElo "2230"]
[BlackElo "2245"]
[PlyCount "96"]
[EventDate "1997.??.??"]
[EventType "swiss"]
[EventRounds "5"]
[EventCountry "FIN"]
[SourceTitle "EXT 1999"]
[Source "ChessBase"]
[SourceDate "1998.11.16"]
[SourceVersion "1"]
[SourceVersionDate "1998.11.16"]
[SourceQuality "1"]

1. e4 c5 2. c3 d5 3. exd5 Qxd5 4. d4 cxd4 5. cxd4 e6 6. Nc3 Qd6 7. Nf3 Nf6 8. Bd3 Be7 9. 0-0 0-0 10. Qe2 Nbd7 11. Bg5 Rd8 12. Rac1 a6 13. Rfe1 Nf8 14. Ne4 Nxe4 15. Bxe7 Qxe7 16. Qxe4 Qd6 17. Rc5 Ng6 18. h4 f5 19. Qe3 b6 20. Rc3 Bb7 21. Qxe6+ Qxe6 22. Rxe6 Bxf3 23. gxf3 Nxh4 24. Bc4 Kf8 25. Rxb6 Rxd4 26. Bxa6 Rf4 27. Be2 Rxa2 28. Rc8+ Ke7 29. Rc7+ Kd8 30. Rxg7 Ra8 31. Rf6 Ng6 32. Ba6 Rb8 33. Rd6+ Ke8 34. Rdxg6 hxg6 35. Rg8+ Kf7 36. Rxb8 Rxf3 37. Rb4 g5 38. Bf1 g4 39. Kg2 Kf6 40. Be2 Rh3 41. Rb5 Ke6 42. Rc5 Kf6 43. Rc3 Rh4 44. f3 gxf3+ 45. Rxf3 Rb4 46. b3 Ke5 47. Bc4 f4 48. Rf1 Rb8 1-0

[Event "FIN-ch"]
[Site "Helsinki"]
[Date "1997.??.??"]
[Round "3"]
[White "Laine, Heikki"]
[Black "Salmensuu, Olli"]
[Result "1-0"]
[WhiteElo "2230"]
[BlackElo "2330"]
[PlyCount "89"]
[EventDate "1997.??.??"]
[EventType "swiss"]
[EventRounds "9"]
[EventCountry "FIN"]
[SourceTitle "EXT 1998"]
[Source "ChessBase"]
[SourceDate "1997.11.17"]
[SourceVersion "1"]
[SourceVersionDate "1997.11.17"]
[SourceQuality "1"]

1. d4 Nf6 2. c4 g6 3. f3 d5 4. cxd5 Nxd5 5. e4 Nb6 6. Nc3 Bg7 7. Be3 0-0 8. Qd2 Nc6 9. 0-0-0 e5 10. d5 Nd4 11. f4 c5 12. fxe5 Bg4 13. Re1 Bxe5 14. h3 Qh4 15. Bd3 Nd7 16. Bg5 Qh5 17. Nge2 Bxe2 18. Nxe2 f6 19. Be3 Nxe2+ 20. Bxe2 Qh4 21. Bg4 Nb6 22. Qc2 Kg7 23. Kb1 f5 24. exf5 gxf5 25. Bxc5 Rfe8 26. Rxe5 fxg4 27. Re4 Rxe4 28. Qxe4 Qh5 29. Bd4+ Kg8 30. Qe6+ Qf7 31. Qxg4+ Qg6+ 32. Qxg6+ hxg6 33. Bxb6 axb6 34. Re1 Kf7 35. Re6 Ra6 36. a3 g5 37. Kc2 Ra5 38. Rxb6 Rc5+ 39. Kb3 Rxd5 40. Rxb7+ Kf6 41. Rc7 Ke5 42. a4 Ke4 43. Rc4+ Ke3 44. Rg4 Rf5 45. g3 1-0

[Event "Savonlinna op"]
[Site "Savonlinna"]
[Date "1996.??.??"]
[Round "?"]
[White "Birjukov, Sergey"]
[Black "Laine, Heikki"]
[Result "0-1"]
[WhiteElo "2280"]
[BlackElo "2220"]
[PlyCount "113"]
[EventDate "1996.??.??"]
[EventType "swiss"]
[EventRounds "5"]
[EventCountry "FIN"]
[SourceTitle "EXT 1999"]
[Source "ChessBase"]
[SourceDate "1998.11.16"]
[SourceVersion "1"]
[SourceVersionDate "1998.11.16"]
[SourceQuality "1"]

1. d4 Nf6 2. Nf3 c5 3. c3 d5 4. Bf4 e6 5. e3 Nc6 6. Nbd2 Be7 7. h3 Qb6 8. Qb3 Bd7 9. Be2 Rc8 10. 0-0 0-0 11. Ne5 Be8 12. Bg5 h6 13. Bh4 Kh8 14. f4 Ng8 15. Ndf3 f6 16. Nxc6 bxc6 17. Qc2 Bd6 18. Kh1 Ne7 19. Ne1 cxd4 20. cxd4 c5 21. Qb3 cxd4 22. Qxb6 axb6 23. exd4 Nf5 24. Bf2 Bxf4 25. Bd3 Ng3+ 26. Bxg3 Bxg3 27. Nf3 g5 28. Ng1 Kg7 29. Ne2 Bd6 30. Nc3 Bd7 31. Rfe1 Bb4 32. Rec1 h5 33. a3 Bd6 34. Re1 h4 35. Bb5 Bxb5 36. Nxb5 Bf4 37. Rxe6 Rc2 38. Nc3 Bc1 39. Nxd5 Bxb2 40. Rd1 Rd8 41. Ne3 Rc1 42. Rxc1 Bxc1 43. Nc2 Rc8 44. Re2 Rc3 45. Kg1 b5 46. Kf2 Kg6 47. d5 Rd3 48. Nb4 Rxa3 49. d6 Bf4 50. Re6 Ra7 51. Nd5 Be5 52. Nc7 Bxd6 53. Nxb5 Bc5+ 54. Kf3 Rb7 55. Nd6 Rb6 56. Rxf6+ Kxf6 57. Ne4+ 0-1

[Event "Savonlinna op"]
[Site "Savonlinna"]
[Date "1996.??.??"]
[Round "?"]
[White "Jouhki, Yrjo Markus"]
[Black "Laine, Heikki"]
[Result "1/2-1/2"]
[WhiteElo "2245"]
[BlackElo "2220"]
[PlyCount "106"]
[EventDate "1996.??.??"]
[EventType "swiss"]
[EventRounds "5"]
[EventCountry "FIN"]
[SourceTitle "EXT 1999"]
[Source "ChessBase"]
[SourceDate "1998.11.16"]
[SourceVersion "1"]
[SourceVersionDate "1998.11.16"]
[SourceQuality "1"]

1. d4 Nf6 2. Nf3 c5 3. g3 cxd4 4. Nxd4 d5 5. Bg2 e5 6. Nb3 Nc6 7. 0-0 Be7 8. Bg5 Be6 9. Nc3 d4 10. Na4 Bd5 11. Bxf6 gxf6 12. c4 Bxc4 13. Rc1 Bd5 14. e4 Be6 15. Nac5 Bc8 16. Qh5 b6 17. Nd3 Qd6 18. Nd2 Be6 19. Qh6 Nb4 20. Nxb4 Qxb4 21. b3 Kd7 22. Nc4 b5 23. Nb2 Qa3 24. Nd3 Rhc8 25. Qd2 Rxc1 26. Rxc1 Rc8 27. Rxc8 Kxc8 28. f4 Bd6 29. Bf3 Bd7 30. Bh5 Be8 31. Bg4+ Kb7 32. h4 Bc6 33. Bf5 exf4 34. Bxh7 fxg3 35. h5 Bc7 36. Bf5 Qf8 37. h6 Bd6 38. h7 a5 39. Kg2 b4 40. Ne1 Bc5 41. Nf3 Qg7 42. Nxd4 Bxd4 43. Qxd4 Qh6 44. Kxg3 Qg5+ 45. Bg4 Qg7 46. Qd8 f5 47. h8Q Qxg4+ 48. Kf2 Qf4+ 49. Ke1 Qe3+ 50. Kd1 Qg1+ 51. Kd2 Qf2+ 52. Kc1 Qc5+ 53. Kd1 Qg1+ 1/2-1/2

[Event "Helsinki-ch "]
[Site "Helsinki"]
[Date "1996.??.??"]
[Round "?"]
[White "Kokkila, Tero"]
[Black "Laine, Heikki"]
[Result "1-0"]
[WhiteElo "2210"]
[BlackElo "2220"]
[PlyCount "93"]
[EventDate "1996.??.??"]
[EventType "swiss"]
[EventRounds "9"]
[EventCountry "FIN"]
[SourceTitle "EXT 1999"]
[Source "ChessBase"]
[SourceDate "1998.11.16"]
[SourceVersion "1"]
[SourceVersionDate "1998.11.16"]
[SourceQuality "1"]

1. e4 e6 2. d4 d5 3. Nc3 Nf6 4. Bg5 Be7 5. e5 Ng8 6. Be3 b6 7. Bb5+ c6 8. Ba4 b5 9. Bb3 Nd7 10. Qg4 g6 11. Nf3 h5 12. Qf4 Nh6 13. h3 Nf5 14. 0-0-0 a5 15. a4 Ba6 16. g4 Nxe3 17. Qxe3 b4 18. Ne2 c5 19. dxc5 Bxc5 20. Ned4 Qb6 21. Qf4 0-0-0 22. Qxf7 hxg4 23. Nxe6 gxf3 24. Nxd8 Rxd8 25. Rxd5 Bb7 26. Rxd7 Rxd7 27. Be6 Bc6 28. Rd1 Qd8 29. Qxg6 Qe7 30. Qg4 Kc7 31. Bxd7 Bxd7 32. Qxf3 Qxe5 33. Qf7 Bd6 34. h4 Qf4+ 35. Qxf4 Bxf4+ 36. Kb1 Bxa4 37. Rd5 Kb6 38. Rf5 Bd2 39. h5 Bc6 40. Rf6 Kc5 41. h6 Be4 42. f3 Bh7 43. Rf7 Bg6 44. h7 b3 45. Rc7+ Kb6 46. h8Q Kxc7 47. Qg7+ 1-0

[Event "Tampere We HervS op"]
[Site "Tampere"]
[Date "1996.??.??"]
[Round "3"]
[White "Laine, Heikki"]
[Black "Kiik, Kalle"]
[Result "1/2-1/2"]
[WhiteElo "2220"]
[BlackElo "2385"]
[PlyCount "67"]
[EventDate "1996.??.??"]
[EventType "swiss"]
[EventRounds "5"]
[EventCountry "FIN"]
[SourceTitle "EXT 1999"]
[Source "ChessBase"]
[SourceDate "1998.11.16"]
[SourceVersion "1"]
[SourceVersionDate "1998.11.16"]
[SourceQuality "1"]

1. e4 c5 2. c3 d6 3. d4 Nf6 4. Bd3 cxd4 5. cxd4 g6 6. Nc3 Nc6 7. Nge2 Bg7 8. 0-0 0-0 9. Kh1 e5 10. d5 Nd4 11. f3 Nxe2 12. Nxe2 Qb6 13. Qb3 Qxb3 14. axb3 Bd7 15. Be3 a6 16. Nc3 Rfc8 17. Na4 Bxa4 18. bxa4 Nd7 19. Rfc1 Bf6 20. b4 Kg7 21. g3 h6 22. h4 Bd8 23. a5 g5 24. h5 Nf6 25. g4 Ne8 26. Kg2 Rc7 27. Rxc7 Nxc7 28. Rc1 Kf8 29. Kf2 Ke7 30. Ke2 Kd7 31. Kd2 Nb5 32. Bxb5+ axb5 33. Kd3 Rc8 34. Rxc8 1/2-1/2

[Event "Tampere We TaSY op"]
[Site "Tampere"]
[Date "1996.??.??"]
[Round "4"]
[White "Laine, Heikki"]
[Black "Kiltti, Jyrki"]
[Result "1/2-1/2"]
[WhiteElo "2220"]
[BlackElo "2235"]
[PlyCount "32"]
[EventDate "1996.??.??"]
[EventType "swiss"]
[EventRounds "5"]
[EventCountry "FIN"]
[SourceTitle "EXT 1999"]
[Source "ChessBase"]
[SourceDate "1998.11.16"]
[SourceVersion "1"]
[SourceVersionDate "1998.11.16"]
[SourceQuality "1"]

1. e4 c6 2. d4 d5 3. exd5 cxd5 4. c4 Nf6 5. h3 g6 6. Nf3 Bg7 7. Nc3 0-0 8. Bg5 Nbd7 9. Be2 dxc4 10. Bxc4 Nb6 11. Bb3 Bf5 12. 0-0 Rc8 13. Qe2 h6 14. Bh4 g5 15. Bg3 e6 16. Be5 Qd7 1/2-1/2

[Event "FIN-chT 9596"]
[Site "Finland"]
[Date "1996.??.??"]
[Round "5"]
[White "Laine, Heikki"]
[Black "Seppanen, Asko"]
[Result "1-0"]
[WhiteElo "2220"]
[BlackElo "2290"]
[PlyCount "85"]
[EventDate "1995.??.??"]
[EventType "team"]
[EventRounds "11"]
[EventCountry "FIN"]
[SourceTitle "EXT 1998"]
[Source "ChessBase"]
[SourceDate "1997.11.17"]
[SourceVersion "1"]
[SourceVersionDate "1997.11.17"]
[SourceQuality "1"]

1. d4 Nf6 2. c4 c5 3. d5 e6 4. Nc3 exd5 5. cxd5 g6 6. e4 d6 7. Nf3 Bg7 8. Be2 0-0 9. 0-0 a6 10. a4 Re8 11. Nd2 Nbd7 12. Nc4 Nb6 13. Qc2 Nxc4 14. Bxc4 Rb8 15. Bg5 h6 16. Bh4 g5 17. Bg3 Nh5 18. Be2 Nxg3 19. hxg3 Bd7 20. a5 Qe7 21. Bd3 h5 22. Rfe1 g4 23. Nd1 h4 24. gxh4 Qxh4 25. g3 Qh5 26. Ne3 Bd4 27. Ng2 Qe5 28. Nf4 Bxb2 29. Rab1 Bc3 30. Rec1 Bxa5 31. Kg2 Kg7 32. Rh1 Rh8 33. Rxh8 Rxh8 34. Rxb7 Bc8 35. Rb8 Bb4 36. Qd1 Bf5 37. Rxb4 cxb4 38. exf5 Kf8 39. Qxg4 Qe1 40. Nh5 Rg8 41. Qc4 Qc3 42. Qxa6 Ke7 43. f6+ 1-0

[Event "Helsinki-ch "]
[Site "Helsinki"]
[Date "1996.??.??"]
[Round "?"]
[White "Laine, Heikki"]
[Black "Vaatainen, Timo"]
[Result "1/2-1/2"]
[WhiteElo "2220"]
[BlackElo "2260"]
[PlyCount "125"]
[EventDate "1996.??.??"]
[EventType "swiss"]
[EventRounds "9"]
[EventCountry "FIN"]
[SourceTitle "EXT 1999"]
[Source "ChessBase"]
[SourceDate "1998.11.16"]
[SourceVersion "1"]
[SourceVersionDate "1998.11.16"]
[SourceQuality "1"]

1. d4 f5 2. g3 Nf6 3. Bg2 g6 4. Nf3 Bg7 5. 0-0 0-0 6. c4 d6 7. d5 Bd7 8. Nc3 Qe8 9. Qb3 b6 10. Rd1 Na6 11. Nd4 Nc5 12. Qc2 a6 13. Rb1 Rb8 14. Nc6 Bxc6 15. dxc6 e5 16. Bg5 Ne6 17. Bxf6 Bxf6 18. e3 e4 19. f3 Bxc3 20. Qxc3 Ng5 21. f4 Ne6 22. g4 Ng7 23. gxf5 Nxf5 24. Rd5 Qe7 25. Kh1 Qh4 26. Qe1 Qxe1+ 27. Rxe1 Rbe8 28. Rd2 Nh4 29. Rd4 Nxg2 30. Kxg2 Rf5 31. Rd5 Kf7 32. Red1 Ke6 33. R1d4 Kf6 34. b4 Rxd5 35. Rxd5 Rb8 36. a4 Ra8 37. Kg3 a5 38. b5 Re8 39. h4 h5 40. Rg5 Re6 41. f5 gxf5 42. Kf4 Re5 43. Rxh5 Rc5 44. Rg5 Rxc4 45. Rxf5+ Ke6 46. Rh5 Rxa4 47. Rh6+ Kd5 48. Rh7 Kc5 49. Rxc7 Kxb5 50. h5 Ra1 51. h6 Rh1 52. Kg5 a4 53. Kg6 a3 54. h7 d5 55. Ra7 Kxc6 56. Rxa3 Rg1+ 57. Kf6 Rh1 58. Ra7 d4 59. exd4 e3 60. Re7 Kd5 61. Kg7 Kxd4 62. h8Q Rxh8 63. Kxh8 1/2-1/2